000 00685cam a2200253 a 4500
001 13323188
003 OSt
005 20140310181632.0
008 030825s2003 oku 000 0 eng d
010 _a 2003273236
020 _a9718340955
050 0 0 _aBV 4509.5
_b.M398 2007
082 _aTR 248.4
_bM38 2007
100 1 _aMason, John,
_d1955-
245 1 3 _aAn enemy called average /
_cJohn L. Mason.
250 _aUpdated & expanded ed.
260 _aPhilippines :
_bLighthouse books,
_cc2007.
300 _a189 p. ;
_c22 cm.
521 _aFaculty
541 _j1
562 _e1
650 0 _aSuccess
_xReligious aspects
_xChristianity.
942 _2lcc
_cBK-TR
_kTR
999 _c566
_d566